[Event "Wood Green Invitational"]
[Site "Stafford"]
[Date "2025.03.05"]
[Round "1.1"]
[White "Ghasi, Ameet K"]
[Black "Gasanov, Eldar"]
[Result "0-1"]
[WhiteElo "2505"]
[BlackElo "2469"]
[PlyCount "126"]
[EventDate "2025.03.05"]
[EventType "tourn"]
[EventRounds "9"]
[EventCountry "ENG"]
[SourceTitle "BritBase"]
[Source "John Saunders"]
[SourceDate "2025.02.21"]
[SourceVersion "1"]
[SourceVersionDate "2025.02.21"]
[SourceQuality "1"]

1. c4 Nf6 2. Nf3 b6 3. g3 c5 4. Bg2 Bb7 5. O-O g6 6. b3 Bg7 7. Bb2 O-O 8. d4 cxd4 9. Qxd4 Na6 10. Nc3 Nc5 11. Qe3 Rc8 12. h3 d6 13. Rfd1 Rc7 14. Nd4 Bxg2 15. Kxg2 d5 16. Ncb5 Rb7 17. Qf3 Qd7 18. Nc2 Nce4 19. Bxf6 Nxf6 20. Rac1 e6 21. Ne3 Rc8 22. a4 a6 23. Nd4 Rbc7 24. Ra1 e5 25. Ndc2 e4 26. Qf4 Nh5 27. Qg5 Bxa1 28. Nxa1 Qd8 29. Qxd5 Qxd5 30. Nxd5 Rd7 31. Nc2 b5 32. Nd4 bxc4 33. Nb6 cxb3 34. Nxd7 b2 35. Nb3 Rc2 36. e3 f5 37. Ndc5 a5 38. g4 Nf6 39. gxf5 gxf5 40. Nb7 Nd5 41. Re1 Nxe3+ 42. Kg3 Rc3 43. fxe3 Rxb3 44. Rb1 Rxb7 45. Kf4 Kf7 46. Kxf5 Rb4 47. h4 Kg7 48. Kg5 Kf7 49. Kf5 Ke7 50. Ke5 Kd7 51. Kd5 Kc7 52. Kc5 Kb7 53. Kd5 Kb6 54. Kd6 Rb3 55. Kd5 Rb4 56. Kd6 Kb7 57. h5 Kb6 58. h6 Kb7 59. Kd7 Rb6 60. Ke7 Kc6 61. Ke6 Kc5+ 62. Kf5 Kd5 63. Rd1+ Kc4 0-1

[Event "Wood Green Invitational"]
[Site "Stafford"]
[Date "2025.03.05"]
[Round "1.2"]
[White "Willow, Jonah B"]
[Black "Cornette, Matthieu"]
[Result "0-1"]
[WhiteElo "2450"]
[BlackElo "2527"]
[PlyCount "78"]
[EventDate "2025.03.05"]
[EventType "tourn"]
[EventRounds "9"]
[EventCountry "ENG"]
[SourceTitle "BritBase"]
[Source "John Saunders"]
[SourceDate "2025.02.21"]
[SourceVersion "1"]
[SourceVersionDate "2025.02.21"]
[SourceQuality "1"]

1. e4 e5 2. Nf3 Nc6 3. Bb5 a6 4. Ba4 Bc5 5. c3 Nge7 6. O-O Ba7 7. d4 Ng6 8. Bg5 f6 9. Be3 O-O 10. Nbd2 d6 11. Re1 Kh8 12. h3 exd4 13. Nxd4 Nxd4 14. Bxd4 Bxd4 15. cxd4 f5 16. e5 b5 17. Bb3 dxe5 18. dxe5 Bb7 19. Nf3 Qe7 20. Qe2 Rae8 21. Rad1 Bxf3 22. Qxf3 Nxe5 23. Qe2 Qg5 24. Bc2 Re7 25. f4 Qxf4 26. Rf1 Qg3 27. Rxf5 Rfe8 28. Qf1 g6 29. Rf8+ Kg7 30. Qf6+ Kh6 31. Rxe8 Rxe8 32. Rf1 Nc4 33. Qf7 Ne3 34. Rf2 Nxg2 35. Qxe8 Ne3+ 36. Kh1 Qxf2 37. Be4 Nf1 38. Bg2 Ng3+ 39. Kh2 Ne2 0-1

[Event "Wood Green Invitational"]
[Site "Stafford"]
[Date "2025.03.05"]
[Round "1.3"]
[White "Olsen, Filip Boe"]
[Black "Raczek, Krzysztof"]
[Result "1/2-1/2"]
[WhiteElo "2468"]
[BlackElo "2428"]
[PlyCount "66"]
[EventDate "2025.03.05"]
[EventType "tourn"]
[EventRounds "9"]
[EventCountry "ENG"]
[SourceTitle "BritBase"]
[Source "John Saunders"]
[SourceDate "2025.02.21"]
[SourceVersion "1"]
[SourceVersionDate "2025.02.21"]
[SourceQuality "1"]

1. d4 d5 2. Nf3 Nf6 3. c4 e6 4. g3 dxc4 5. Bg2 Nbd7 6. O-O c6 7. a4 b6 8. Qc2 Bb7 9. Qxc4 c5 10. Nc3 Rc8 11. Bf4 a6 12. Rad1 cxd4 13. Qxd4 Bc5 14. Qd3 h6 15. Ne5 Bxg2 16. Kxg2 Nxe5 17. Bxe5 Qxd3 18. Rxd3 Be7 19. Bxf6 Bxf6 20. Ne4 O-O 21. Nxf6+ gxf6 22. Rb3 Rc4 23. Rxb6 Rxa4 24. Rc1 f5 25. Rc7 a5 26. Ra7 Re4 27. Kf3 Re5 28. Rd7 Kg7 29. b3 Kg6 30. e3 Rc5 31. Rbb7 Rc2 32. Ra7 Rb2 33. h3 Rxb3 1/2-1/2

[Event "Wood Green Invitational"]
[Site "Stafford"]
[Date "2025.03.05"]
[Round "1.4"]
[White "Alexakis, Dimitris"]
[Black "Harvey, Marcus Ross"]
[Result "1-0"]
[WhiteElo "2507"]
[BlackElo "2495"]
[PlyCount "81"]
[EventDate "2025.03.05"]
[EventType "tourn"]
[EventRounds "9"]
[EventCountry "ENG"]
[SourceTitle "BritBase"]
[Source "John Saunders"]
[SourceDate "2025.02.21"]
[SourceVersion "1"]
[SourceVersionDate "2025.02.21"]
[SourceQuality "1"]

1. e4 c6 2. d4 d5 3. e5 Bf5 4. Nd2 e6 5. Nb3 c5 6. Bb5+ Nc6 7. dxc5 Bxc5 8. Bxc6+ bxc6 9. Nxc5 Qa5+ 10. c3 Qxc5 11. Ne2 Ne7 12. O-O Qb6 13. Be3 Qxb2 14. Bc5 Qb7 15. Qb3 Qxb3 16. axb3 Kd7 17. Nd4 Rhc8 18. Ra2 Ng6 19. f4 Be4 20. Rfa1 Rc7 21. g3 Ne7 22. Bd6 Rb7 23. b4 Nc8 24. Nb3 Ke8 25. Nc5 Rb5 26. Kf2 Bf5 27. Ke3 h5 28. Na6 Rb7 29. Nc7+ Rxc7 30. Bxc7 Bg6 31. Kd4 f6 32. Bd6 Kd7 33. Ra6 Bc2 34. Kc5 Kd8 35. Kxc6 d4 36. c4 d3 37. Kb7 Nb6 38. Bc7+ Kd7 39. Bxb6 Rc8 40. Ba5 Rxc4 41. Rd6+ 1-0

[Event "Wood Green Invitational"]
[Site "Stafford"]
[Date "2025.03.05"]
[Round "1.5"]
[White "Banerjee, Supratit"]
[Black "Badacsonyi, Stanley"]
[Result "1/2-1/2"]
[WhiteElo "2250"]
[BlackElo "2334"]
[PlyCount "90"]
[EventDate "2025.03.05"]
[EventType "tourn"]
[EventRounds "9"]
[EventCountry "ENG"]
[SourceTitle "BritBase"]
[Source "John Saunders"]
[SourceDate "2025.02.21"]
[SourceVersion "1"]
[SourceVersionDate "2025.02.21"]
[SourceQuality "1"]

1. e4 e6 2. d4 d5 3. e5 c5 4. c3 Nc6 5. Nf3 Bd7 6. Be2 Nge7 7. O-O cxd4 8. cxd4 Nf5 9. Nc3 a6 10. Bg5 Qb6 11. Na4 Qa7 12. Be3 b5 13. Nc3 Be7 14. Bd3 Nxe3 15. fxe3 O-O 16. h4 f6 17. exf6 Rxf6 18. Ng5 h6 19. Qh5 Raf8 20. Rxf6 Rxf6 21. Nh7 Rf7 22. Bg6 Nd8 23. Bxf7+ Nxf7 24. Rf1 Nh8 25. Nxd5 exd5 26. Nf8 Bf6 27. Nxd7 Qxd7 28. Rf5 Qe6 29. Qf3 Nf7 30. Rxd5 Bxh4 31. Rf5 Bf6 32. b3 Kh8 33. Rf4 Ng5 34. Qf2 Qc6 35. Rf5 Be7 36. Qf1 Bd6 37. Qd3 Kg8 38. Rf1 Qe8 39. a4 Qh5 40. Qf5 Qh2+ 41. Kf2 Qg3+ 42. Ke2 Qxg2+ 43. Kd3 Qc6 44. axb5 axb5 45. Rf2 Qh1 1/2-1/2

[Event "Wood Green Invitational"]
[Site "Stafford"]
[Date "2025.03.05"]
[Round "2.1"]
[White "Gasanov, Eldar"]
[Black "Badacsonyi, Stanley"]
[Result "1/2-1/2"]
[WhiteElo "2469"]
[BlackElo "2334"]
[PlyCount "37"]
[EventDate "2025.03.05"]
[EventType "tourn"]
[EventRounds "9"]
[EventCountry "ENG"]
[SourceTitle "BritBase"]
[Source "John Saunders"]
[SourceDate "2025.02.21"]
[SourceVersion "1"]
[SourceVersionDate "2025.02.21"]
[SourceQuality "1"]

1. d4 Nf6 2. c4 g6 3. Nc3 Bg7 4. e4 d6 5. h3 O-O 6. Bg5 c5 7. d5 e6 8. Nf3 exd5 9. cxd5 Re8 10. Bd3 c4 11. Bc2 b5 12. O-O a6 13. Re1 Nbd7 14. Nd4 Qb6 15. Be3 Nc5 16. b4 cxb3 17. axb3 b4 18. Na4 Nxa4 19. Rxa4 1/2-1/2

[Event "Wood Green Invitational"]
[Site "Stafford"]
[Date "2025.03.05"]
[Round "2.2"]
[White "Harvey, Marcus Ross"]
[Black "Banerjee, Supratit"]
[Result "0-1"]
[WhiteElo "2495"]
[BlackElo "2250"]
[PlyCount "174"]
[EventDate "2025.03.05"]
[EventType "tourn"]
[EventRounds "9"]
[EventCountry "ENG"]
[SourceTitle "BritBase"]
[Source "John Saunders"]
[SourceDate "2025.02.21"]
[SourceVersion "1"]
[SourceVersionDate "2025.02.21"]
[SourceQuality "1"]

1. c4 Nf6 2. Nc3 g6 3. e4 d6 4. d4 Bg7 5. f4 c5 6. d5 O-O 7. Nf3 e6 8. Be2 exd5 9. cxd5 Nbd7 10. O-O Re8 11. Nd2 c4 12. Kh1 a6 13. a4 Qc7 14. Bf3 Rb8 15. a5 b5 16. axb6 Nxb6 17. h3 Nfd7 18. Ndb1 Nc5 19. Be3 Nd3 20. Qd2 Nd7 21. Ra2 N7c5 22. g4 Bd7 23. Qg2 Nb4 24. Ra3 Nbd3 25. Ra2 Rb4 26. Nd1 Ba4 27. Nbc3 Bb3 28. Bxc5 Qxc5 29. Rxa6 Bxd1 30. Nxd1 Nxf4 31. Qd2 Nd3 32. Rc6 Qd4 33. Rxd6 Be5 34. Rd7 Bf4 35. Qc3 Qxc3 36. bxc3 Rb1 37. Ra7 Rc1 38. Ra4 Nb2 39. Ra6 Rd8 40. Rc6 Be5 41. Be2 Nxd1 42. Rxd1 Rxc3 43. Bf1 Rc2 44. Rxc4 Rxc4 45. Bxc4 Kf8 46. Be2 Ke7 47. Rd3 Rb8 48. Ra3 Rb2 49. Bc4 Rc2 50. Bd3 Rh2+ 51. Kg1 Rxh3 52. Kf2 Rh2+ 53. Ke1 Rh1+ 54. Kd2 Rh2+ 55. Be2 f5 56. Ra6 Bf4+ 57. Kd3 fxe4+ 58. Kxe4 Bd6 59. Bf3 Rb2 60. Ra7+ Kf6 61. Rxh7 Rb4+ 62. Kd3 Rb3+ 63. Ke2 Rb2+ 64. Ke1 Ke5 65. Rf7 g5 66. Rf5+ Kd4 67. Be2 Ke3 68. Rf3+ Ke4 69. Rd3 Ra2 70. Kf1 Ra1+ 71. Kf2 Bc5+ 72. Kg2 Rg1+ 73. Kh3 Rh1+ 74. Kg2 Rg1+ 75. Kh3 Rh1+ 76. Kg2 Re1 77. Rd2 Ke3 78. Rd3+ Kxe2 79. Rc3 Bd6 80. Rc6 Bf4 81. Re6+ Kd2 82. Kf3 Rxe6 83. dxe6 Bd6 84. Ke4 Be7 85. Kf5 Ke3 86. Kg6 Kf4 87. Kf7 Ba3 0-1

[Event "Wood Green Invitational"]
[Site "Stafford"]
[Date "2025.03.05"]
[Round "2.3"]
[White "Raczek, Krzysztof"]
[Black "Alexakis, Dimitris"]
[Result "0-1"]
[WhiteElo "2428"]
[BlackElo "2507"]
[PlyCount "134"]
[EventDate "2025.03.05"]
[EventType "tourn"]
[EventRounds "9"]
[EventCountry "ENG"]
[SourceTitle "BritBase"]
[Source "John Saunders"]
[SourceDate "2025.02.21"]
[SourceVersion "1"]
[SourceVersionDate "2025.02.21"]
[SourceQuality "1"]

1. Nf3 c5 2. c4 Nc6 3. g3 g6 4. Bg2 Bg7 5. Nc3 Nh6 6. O-O Nf5 7. a3 O-O 8. d3 a6 9. Rb1 Rb8 10. Bd2 b5 11. cxb5 axb5 12. b4 cxb4 13. axb4 d5 14. Ne1 e6 15. Na2 h5 16. Nc1 h4 17. Nb3 hxg3 18. hxg3 Qb6 19. e3 d4 20. Nc2 dxe3 21. Nxe3 Nfd4 22. Nc5 Ra8 23. Rb2 Bb7 24. Ng4 Rad8 25. Bh6 Bxh6 26. Nxh6+ Kg7 27. Ng4 f5 28. Nh2 Ba8 29. Nf3 Nxb4 30. Nxd4 Rxd4 31. Rxb4 Qxc5 32. Rxd4 Qxd4 33. Bxa8 Rxa8 34. Qb3 Qe5 35. Qb4 Kf7 36. Rb1 Ra1 37. d4 Rxb1+ 38. Qxb1 Qd5 39. Qb4 g5 40. Kh2 f4 41. Qc3 Kg6 42. g4 Qc4 43. Qe1 b4 44. Qe4+ Kf6 45. Qh7 b3 46. Qh6+ Kf7 47. Qh5+ Kf8 48. Qxg5 Qxd4 49. Kh3 b2 50. Qb5 Kg7 51. Kh4 f3 52. Kg3 Qd6+ 53. Kh3 Qd2 54. Qb7+ Kh6 55. Qb8 Qc1 56. Qh8+ Kg6 57. Qg8+ Kf6 58. Qf8+ Ke5 59. Qb8+ Kd4 60. Qd6+ Kc3 61. Qe5+ Kd3 62. Qb5+ Kd2 63. Qd7+ Ke1 64. Qxe6+ Kf1 65. Qa6+ Kg1 66. Qd3 Qh6+ 67. Kg3 Qh2+ 0-1

[Event "Wood Green Invitational"]
[Site "Stafford"]
[Date "2025.03.05"]
[Round "2.4"]
[White "Cornette, Matthieu"]
[Black "Olsen, Filip Boe"]
[Result "1-0"]
[WhiteElo "2527"]
[BlackElo "2468"]
[PlyCount "59"]
[EventDate "2025.03.05"]
[EventType "tourn"]
[EventRounds "9"]
[EventCountry "ENG"]
[SourceTitle "BritBase"]
[Source "John Saunders"]
[SourceDate "2025.02.21"]
[SourceVersion "1"]
[SourceVersionDate "2025.02.21"]
[SourceQuality "1"]

1. e4 e5 2. Nc3 Nf6 3. Bc4 Nxe4 4. Qh5 Nd6 5. Bb3 Be7 6. Qxe5 O-O 7. Nf3 Bf6 8. Qf4 Ne8 9. d4 c6 10. d5 Na6 11. O-O Nc5 12. Rd1 Bxc3 13. bxc3 Qf6 14. Qc4 Nxb3 15. axb3 Nc7 16. Bg5 Qg6 17. d6 Nd5 18. Qd4 b6 19. Qd2 Nf6 20. Ne5 Qf5 21. Bxf6 Qxf6 22. Re1 Qf5 23. Ra4 Bb7 24. Rf4 Qg5 25. h4 Qh6 26. Nxd7 Rfd8 27. Re7 Bc8 28. Rfxf7 Rxd7 29. Qxh6 Rxe7 30. Qxg7# 1-0

[Event "Wood Green Invitational"]
[Site "Stafford"]
[Date "2025.03.06"]
[Round "3.1"]
[White "Willow, Jonah B"]
[Black "Gasanov, Eldar"]
[Result "1/2-1/2"]
[WhiteElo "2450"]
[BlackElo "2469"]
[PlyCount "87"]
[EventDate "2025.03.05"]
[EventType "tourn"]
[EventRounds "9"]
[EventCountry "ENG"]
[SourceTitle "BritBase"]
[Source "John Saunders"]
[SourceDate "2025.02.21"]
[SourceVersion "1"]
[SourceVersionDate "2025.02.21"]
[SourceQuality "1"]

1. e4 c5 2. Nf3 d6 3. d4 Nf6 4. Nc3 cxd4 5. Nxd4 Bd7 6. Bg5 e6 7. Qd3 a6 8. O-O-O h6 9. Bh4 g5 10. Bg3 Nh5 11. Be2 Nxg3 12. hxg3 Nc6 13. Nxc6 Bxc6 14. Qd4 Rg8 15. Bh5 Bg7 16. Qxd6 Qxd6 17. Rxd6 Ke7 18. Rd3 Rad8 19. Rxd8 Rxd8 20. Bf3 b5 21. Re1 Bd4 22. Nd1 b4 23. Ne3 a5 24. Rh1 a4 25. Rxh6 a3 26. bxa3 bxa3 27. Nd1 Bb5 28. c3 Bg7 29. Rh5 Bc4 30. Ne3 Bxa2 31. Nc2 Ra8 32. e5 Ra4 33. Nd4 Bc4 34. Nc6+ Kd7 35. Rh1 g4 36. Be4 Bf1 37. Nb4 a2 38. Nxa2 Bxg2 39. Bxg2 Rxa2 40. Rh7 Bxe5 41. Rxf7+ Ke8 42. Rh7 Rxf2 43. Bc6+ Kf8 44. Rh4 1/2-1/2

[Event "Wood Green Invitational"]
[Site "Stafford"]
[Date "2025.03.06"]
[Round "3.2"]
[White "Olsen, Filip Boe"]
[Black "Ghasi, Ameet K"]
[Result "1-0"]
[WhiteElo "2468"]
[BlackElo "2505"]
[PlyCount "91"]
[EventDate "2025.03.05"]
[EventType "tourn"]
[EventRounds "9"]
[EventCountry "ENG"]
[SourceTitle "BritBase"]
[Source "John Saunders"]
[SourceDate "2025.02.21"]
[SourceVersion "1"]
[SourceVersionDate "2025.02.21"]
[SourceQuality "1"]

1. e4 c6 2. d4 d5 3. Nd2 dxe4 4. Nxe4 Nf6 5. Nxf6+ exf6 6. Be3 Na6 7. a3 Bd6 8. Bd3 O-O 9. Ne2 Re8 10. O-O Nc7 11. c4 Ne6 12. Qc2 g6 13. Rad1 f5 14. d5 cxd5 15. cxd5 Ng7 16. Bc5 Be5 17. f4 Bf6 18. Nc3 Bd7 19. Kh1 Nh5 20. Be2 Bxc3 21. Bxh5 Bf6 22. Bf3 Qa5 23. Qf2 b6 24. Bd4 Bxd4 25. Rxd4 Rac8 26. h4 h5 27. d6 Qc5 28. Rfd1 Kg7 29. Kh2 Re6 30. Qg3 Re3 31. Qg5 Rh8 32. R4d3 Rxd3 33. Rxd3 Qc2 34. Rd1 Re8 35. b4 Qc3 36. Bxh5 Qxa3 37. Bf3 Qxb4 38. h5 Qc3 39. Kg3 Re6 40. Qd8 Ba4 41. h6+ Kh7 42. Qc7 Qf6 43. d7 Bxd1 44. d8=Q Qxd8 45. Qxd8 Bxf3 46. Qf8 1-0

[Event "Wood Green Invitational"]
[Site "Stafford"]
[Date "2025.03.06"]
[Round "3.4"]
[White "Banerjee, Supratit"]
[Black "Raczek, Krzysztof"]
[Result "0-1"]
[WhiteElo "2250"]
[BlackElo "2428"]
[PlyCount "108"]
[EventDate "2025.03.05"]
[EventType "tourn"]
[EventRounds "9"]
[EventCountry "ENG"]
[SourceTitle "BritBase"]
[Source "John Saunders"]
[SourceDate "2025.02.21"]
[SourceVersion "1"]
[SourceVersionDate "2025.02.21"]
[SourceQuality "1"]

1. e4 c5 2. Nf3 Nc6 3. d4 cxd4 4. Nxd4 Nf6 5. Nc3 e6 6. Be2 d6 7. g4 h6 8. Be3 a6 9. h4 Be7 10. Nxc6 bxc6 11. Qd2 e5 12. Rg1 Be6 13. g5 hxg5 14. hxg5 Ng4 15. O-O-O Nxe3 16. Qxe3 Rh3 17. Qd2 g6 18. f4 exf4 19. Qxf4 Qa5 20. Rd3 Qc5 21. Rdg3 a5 22. a3 Rb8 23. Bf1 Rh5 24. Be2 Rh2 25. R3g2 Rh3 26. Rg3 Kf8 27. Bd3 Kg7 28. Ne2 Rxg3 29. Qxg3 Qb6 30. b3 Qc5 31. Nf4 Bxb3 32. Kd2 Ba2 33. Ne2 Be6 34. Nf4 Bd7 35. Rg2 Rh8 36. Qe3 Qxe3+ 37. Kxe3 Rh1 38. Bc4 Ra1 39. Nd3 Rxa3 40. Kd2 Ra1 41. Nc1 Rb1 42. Bb3 a4 43. Bxa4 Rb4 44. Bb3 Rxe4 45. Nd3 Rg4 46. Rf2 Bxg5+ 47. Kc3 Bf6+ 48. Kd2 d5 49. Nc5 Bd4 50. Rxf7+ Kxf7 51. Nxd7 Ke7 52. Nb8 Kd6 53. Na6 Bb6 54. c3 Ba5 0-1

[Event "Wood Green Invitational"]
[Site "Stafford"]
[Date "2025.03.06"]
[Round "3.5"]
[White "Badacsonyi, Stanley"]
[Black "Harvey, Marcus Ross"]
[Result "1-0"]
[WhiteElo "2334"]
[BlackElo "2495"]
[PlyCount "129"]
[EventDate "2025.03.05"]
[EventType "tourn"]
[EventRounds "9"]
[EventCountry "ENG"]
[SourceTitle "BritBase"]
[Source "John Saunders"]
[SourceDate "2025.02.21"]
[SourceVersion "1"]
[SourceVersionDate "2025.02.21"]
[SourceQuality "1"]

1. d4 Nf6 2. c4 e6 3. Nc3 Bb4 4. e3 O-O 5. Bd2 Re8 6. Nf3 d6 7. Qc2 e5 8. a3 Bxc3 9. Bxc3 e4 10. Nd2 c6 11. d5 Bf5 12. dxc6 bxc6 13. Nb3 Qe7 14. Rd1 c5 15. Qd2 Bg4 16. Be2 Bxe2 17. Kxe2 Nc6 18. Qxd6 Nd4+ 19. Rxd4 cxd4 20. Qxe7 d3+ 21. Kd2 Rxe7 22. Bxf6 gxf6 23. Nd4 Rc8 24. b3 Re5 25. f3 Rg5 26. g3 f5 27. f4 Rh5 28. Kc3 Kg7 29. b4 Kf6 30. h4 Ke7 31. c5 Kd7 32. a4 Rg8 33. Rh3 Rh6 34. h5 Rf6 35. b5 h6 36. a5 Kc7 37. Kc4 d2 38. Rh1 Rxg3 39. b6+ axb6 40. axb6+ Kb7 41. Ra1 Rxb6 42. cxb6 Rxe3 43. Rd1 Rd3 44. Nxf5 Rd8 45. Kc3 Rd5 46. Nh4 Rxh5 47. Ng2 Kxb6 48. Kd4 Rh2 49. Ne3 Kc6 50. Nc4 f5 51. Nxd2 Kd6 52. Nc4+ Ke6 53. Ra1 Rh3 54. Ra6+ Kd7 55. Ke5 e3 56. Ra2 h5 57. Kxf5 Rg3 58. Re2 h4 59. Rxe3 Rg7 60. Ne5+ Kd6 61. Rh3 Rh7 62. Nf3 Rf7+ 63. Kg4 Rg7+ 64. Ng5 Kd5 65. Rxh4 1-0

[Event "Wood Green Invitational"]
[Site "Stafford"]
[Date "2025.03.06"]
[Round "4.1"]
[White "Gasanov, Eldar"]
[Black "Harvey, Marcus Ross"]
[Result "1/2-1/2"]
[WhiteElo "2469"]
[BlackElo "2495"]
[PlyCount "178"]
[EventDate "2025.03.05"]
[EventType "tourn"]
[EventRounds "9"]
[EventCountry "ENG"]
[SourceTitle "BritBase"]
[Source "John Saunders"]
[SourceDate "2025.02.21"]
[SourceVersion "1"]
[SourceVersionDate "2025.02.21"]
[SourceQuality "1"]

1. e4 c6 2. Nc3 d5 3. Nf3 dxe4 4. Nxe4 Nf6 5. Qe2 Nxe4 6. Qxe4 Qd5 7. Qh4 Qd6 8. d4 Bf5 9. c3 Nd7 10. Bc4 Qg6 11. O-O Qg4 12. Re1 h6 13. a4 Qxh4 14. Nxh4 Bh7 15. a5 e6 16. Nf3 Bd6 17. b4 O-O 18. Ne5 Nxe5 19. dxe5 Bc7 20. f4 b6 21. Be3 Rfd8 22. Bd4 c5 23. bxc5 bxa5 24. c6 a6 25. Ra2 Rdc8 26. Rb2 Bd8 27. Be2 Be4 28. Bxa6 Rxa6 29. Rxe4 a4 30. Bc5 Rcxc6 31. Bb4 Ba5 32. Ra2 a3 33. Kf2 Bxb4 34. cxb4 Ra4 35. Kf3 Rc3+ 36. Re3 Rxe3+ 37. Kxe3 g5 38. fxg5 hxg5 39. b5 Kg7 40. Kd3 Rb4 41. Rxa3 Rxb5 42. Ke4 Rb4+ 43. Kf3 Kg6 44. g4 Rf4+ 45. Kg3 Re4 46. Ra5 Re3+ 47. Kf2 Rd3 48. Ra2 Rh3 49. Kg2 Re3 50. Ra5 Rd3 51. Ra2 Re3 52. Ra5 f6 53. exf6 Kxf6 54. Kf2 Rd3 55. Kg2 Rd5 56. Ra8 Rd2+ 57. Kg3 Rd3+ 58. Kf2 Ke5 59. Rf8 Rc3 60. Rf7 Rc8 61. Kf3 Rc2 62. Kg3 Rc5 63. Rf3 Rc1 64. h4 Rg1+ 65. Kf2 Rxg4 66. hxg5 Rxg5 67. Ra3 Kf5 68. Ra5+ e5 69. Ra4 Rg8 70. Ke3 Rb8 71. Rc4 Ra8 72. Rb4 Ra1 73. Rc4 Re1+ 74. Kf3 Ra1 75. Rb4 Ke6 76. Ke4 Re1+ 77. Kd3 Kf5 78. Kd2 Re4 79. Rxe4 Kxe4 80. Ke2 Kd4 81. Kd2 e4 82. Ke2 e3 83. Ke1 Ke5 84. Ke2 Kf4 85. Ke1 Kg3 86. Ke2 Kf4 87. Ke1 Kf3 88. Kf1 e2+ 89. Ke1 Ke3 1/2-1/2

[Event "Wood Green Invitational"]
[Site "Stafford"]
[Date "2025.03.06"]
[Round "4.2"]
[White "Raczek, Krzysztof"]
[Black "Badacsonyi, Stanley"]
[Result "1-0"]
[WhiteElo "2428"]
[BlackElo "2334"]
[PlyCount "101"]
[EventDate "2025.03.05"]
[EventType "tourn"]
[EventRounds "9"]
[EventCountry "ENG"]
[SourceTitle "BritBase"]
[Source "John Saunders"]
[SourceDate "2025.02.21"]
[SourceVersion "1"]
[SourceVersionDate "2025.02.21"]
[SourceQuality "1"]

1. Nf3 Nf6 2. g3 g6 3. Bg2 Bg7 4. O-O O-O 5. d4 d6 6. Re1 d5 7. c4 c6 8. b3 Ne4 9. Bb2 Nd7 10. Nc3 Nxc3 11. Bxc3 dxc4 12. bxc4 c5 13. Rc1 cxd4 14. Bxd4 e5 15. Be3 Qe7 16. c5 Rd8 17. Qd6 Qxd6 18. cxd6 Nf8 19. Red1 Ne6 20. Ng5 Nd4 21. Bxd4 exd4 22. Bd5 Rxd6 23. Bxf7+ Kf8 24. Rc7 Rd7 25. Rxc8+ Rxc8 26. Be6 Rc5 27. Bxd7 Rxg5 28. Rc1 Ra5 29. Be6 Be5 30. Rc8+ Ke7 31. Bb3 g5 32. Kg2 h5 33. Kf3 Bd6 34. Rh8 Rf5+ 35. Kg2 g4 36. Rh7+ Kf8 37. Bc2 Re5 38. Kf1 Be7 39. Bg6 h4 40. gxh4 Kg8 41. h5 b5 42. Rf7 a5 43. h6 a4 44. h7+ Kh8 45. Rf4 b4 46. Rxd4 Rg5 47. Bd3 Kg7 48. Rd7 Re5 49. Ra7 b3 50. axb3 axb3 51. Ra8 1-0

[Event "Wood Green Invitational"]
[Site "Stafford"]
[Date "2025.03.06"]
[Round "4.3"]
[White "Cornette, Matthieu"]
[Black "Banerjee, Supratit"]
[Result "1-0"]
[WhiteElo "2527"]
[BlackElo "2250"]
[PlyCount "77"]
[EventDate "2025.03.05"]
[EventType "tourn"]
[EventRounds "9"]
[EventCountry "ENG"]
[SourceTitle "BritBase"]
[Source "John Saunders"]
[SourceDate "2025.02.21"]
[SourceVersion "1"]
[SourceVersionDate "2025.02.21"]
[SourceQuality "1"]

1. e4 c6 2. d4 d5 3. e5 Bf5 4. Nd2 e6 5. Nb3 c5 6. Bb5+ Nc6 7. dxc5 Bxc5 8. Bxc6+ bxc6 9. Nxc5 Qa5+ 10. c3 Qxc5 11. Ne2 Ne7 12. O-O O-O 13. Be3 Qc4 14. b3 Qa6 15. Bc5 Rfe8 16. Nd4 Ng6 17. Re1 Nf4 18. Re3 Bg6 19. a4 Rec8 20. Ra2 Nd3 21. Bd6 c5 22. Nb5 c4 23. b4 Qb7 24. Nd4 Rd8 25. h4 h5 26. g4 Rxd6 27. exd6 e5 28. gxh5 Be4 29. Rxe4 dxe4 30. Nf5 e3 31. Nxe3 Qe4 32. Qg4 Nf4 33. Rd2 Rd8 34. Kh2 Kh8 35. d7 Qc6 36. Nf5 Ne6 37. Rd6 Qc7 38. Rxe6 e4+ 39. Kg2 1-0

[Event "Wood Green Invitational"]
[Site "Stafford"]
[Date "2025.03.06"]
[Round "4.4"]
[White "Ghasi, Ameet K"]
[Black "Alexakis, Dimitris"]
[Result "1-0"]
[WhiteElo "2505"]
[BlackElo "2507"]
[PlyCount "65"]
[EventDate "2025.03.05"]
[EventType "tourn"]
[EventRounds "9"]
[EventCountry "ENG"]
[SourceTitle "BritBase"]
[Source "John Saunders"]
[SourceDate "2025.02.21"]
[SourceVersion "1"]
[SourceVersionDate "2025.02.21"]
[SourceQuality "1"]

1. Nf3 c5 2. e4 Nc6 3. Bc4 e6 4. O-O Nf6 5. Re1 Nxe4 6. Rxe4 d5 7. Bxd5 Qxd5 8. Nc3 Qd8 9. d4 Be7 10. Bf4 cxd4 11. Nxd4 Bd7 12. Qe2 O-O 13. Rd1 Qc8 14. Ndb5 e5 15. Bxe5 Bf5 16. Rc4 Qe6 17. Rd5 Rac8 18. Rf4 Rcd8 19. Nc7 Qc8 20. Bxg7 Bg6 21. Bxf8 Rxf8 22. N7b5 Re8 23. Qd2 Nb4 24. Re5 Nc6 25. Rd5 Nb4 26. Nd6 Bxd6 27. Rxd6 Nxc2 28. h4 Ne1 29. Nd5 Kg7 30. h5 Bd3 31. Rd4 Qf5 32. Qh6+ Kh8 33. Qf6+ 1-0

[Event "Wood Green Invitational"]
[Site "Stafford"]
[Date "2025.03.06"]
[Round "4.5"]
[White "Willow, Jonah B"]
[Black "Olsen, Filip Boe"]
[Result "1/2-1/2"]
[WhiteElo "2450"]
[BlackElo "2468"]
[PlyCount "47"]
[EventDate "2025.03.05"]
[EventType "tourn"]
[EventRounds "9"]
[EventCountry "ENG"]
[SourceTitle "BritBase"]
[Source "John Saunders"]
[SourceDate "2025.02.21"]
[SourceVersion "1"]
[SourceVersionDate "2025.02.21"]
[SourceQuality "1"]

1. e4 e5 2. Nf3 Nf6 3. Nc3 Nc6 4. d4 exd4 5. Nxd4 Bb4 6. Nxc6 bxc6 7. Bd3 d5 8. exd5 O-O 9. O-O cxd5 10. h3 Be6 11. Qf3 Rb8 12. Bf4 Bd6 13. b3 c5 14. Rfd1 Bxf4 15. Qxf4 Qa5 16. Qf3 Rfe8 17. Bf1 Qb4 18. Ne2 Qe4 19. Qxe4 Nxe4 20. f3 Nf6 21. Nf4 g5 22. Nd3 Rec8 23. Ne5 a5 24. Rab1 1/2-1/2

[Event "Wood Green Invitational"]
[Site "Stafford"]
[Date "2025.03.07"]
[Round "5.1"]
[White "Olsen, Filip Boe"]
[Black "Gasanov, Eldar"]
[Result "1/2-1/2"]
[WhiteElo "2468"]
[BlackElo "2469"]
[PlyCount "106"]
[EventDate "2025.03.05"]
[EventType "tourn"]
[EventRounds "9"]
[EventCountry "ENG"]
[SourceTitle "BritBase"]
[Source "John Saunders"]
[SourceDate "2025.02.21"]
[SourceVersion "1"]
[SourceVersionDate "2025.02.21"]
[SourceQuality "1"]

1. d4 f5 2. Bg5 g6 3. Nc3 Bg7 4. e4 fxe4 5. Nxe4 d5 6. Nc3 Nh6 7. Qd2 Nf7 8. Bf4 O-O 9. Nf3 Nc6 10. O-O-O Bg4 11. Be2 e6 12. Ng5 Bxe2 13. Nxe2 Qf6 14. Nxf7 Qxf7 15. Be3 e5 16. dxe5 d4 17. Nxd4 Qxa2 18. Qc3 Nxe5 19. Qb3+ Qxb3 20. cxb3 Ng4 21. Ne6 Rxf2 22. Bxf2 Bh6+ 23. Kb1 Nxf2 24. Nxc7 Rf8 25. Ne6 Re8 26. Nc7 Rc8 27. Nd5 Kg7 28. Rhf1 Nxd1 29. Rxd1 Kf7 30. Re1 Bg5 31. g3 Rc5 32. Nc3 Rf5 33. Re2 h5 34. Kc2 a6 35. Kd3 Bf6 36. Kc4 Be7 37. Nd5 Bf8 38. Kd4 Bd6 39. Nc3 Bc5+ 40. Kc4 Be7 41. Nd5 Bd6 42. Nc3 Bf8 43. Nd5 Rf3 44. Nc3 Rf6 45. Ne4 Rc6+ 46. Kd5 Be7 47. Rf2+ Ke8 48. h3 Rb6 49. Rf3 Rb5+ 50. Ke6 Rb6+ 51. Ke5 Rb5+ 52. Ke6 Rb6+ 53. Ke5 Rb5+ 1/2-1/2